000 00607nam a2200193Ia 4500
001 11313
003 GE_BSU
008 181216s||||||||xx |||||||||||||| ||und||
040 _cGE_BSU
080 _a633.812
245 _aგერანის კულტურის აგროწესები
245 _cრედ: ბ.ა. იაკობაშვილი
260 _aთბილისი
260 _bსახელგამი
260 _c1940
300 _a51გვ.21სმ.
653 _aგერანის კულტურის აგროწესები
942 _cBK
999 _c44515
_d44515